00570 2200217 4500001002100000005001500021035002000036245006000056100001200116250000600128300003500134700001300169260003900182082001200221084001800233020001800251650003200269990001700301990001700318990001700335INLIS00000000000022720180920123746 a0010-09180000811 aSelayang Pandang Papua /cGiyarto; Ilustrator, M. Yusuf0 aGiyarto a- aiv, 60 hlm. :bilus. ;c21 cm.0 aM. Yusuf aKlaten :bPT Intan Pariwara,c2009 a911.598 a911.598 GIY s a979-28-0549-9 aGeografi Historis Indonesia a00959/P/2018 a00960/P/2018 a00968/P/2018